000 00307nam a2200121Ia 4500
008 190216s9999||||xx |||||||||||||| ||und||
100 _a"Raisahmad, Naseem Ahmad S"
245 0 _aQuest For New Science
260 _bCentre For Studies On Science
_c1984
300 _a269p
650 _aScience
942 _cREF
999 _c35512
_d35512